000 00903cam a2200277 4500
008 090401t1996 xxu||||| |||| 00| 0 eng d
020 _a0860174611
035 _a(Sirsi) u58729
041 _aeng
050 _a627.86
100 _aKennard, M.F.
245 _aSmall embankment reservoirs : a comprehensive guide to the planning, design, construction and maintenance of small embankment reservoirs for water supply and amenity use.
260 _aLondon
_bConstruction Industry Research and Infor
_c1996
300 _a447p. : ill. ; 24cm.
350 _a90
490 _aCIRIA Report
_v161
650 _aDAMS
650 _aRESERVOIRS
650 _aWATER SUPPLY
690 _aBUILT ENVIRONMENT-CONSTRUCTION DESIGN
700 _aHoskins, C.G.
700 _aFletcher, M.
710 _aConstruction Industry Research and Information Association
_94810
942 _n0
948 _c04/03/1997
999 _c94092
_d94092